Construcción de maquinaria y productos químicos, abonos y papel. (Record no. 47153)

MARC details
000 -LEADER
campo de control de longitud fija 00767nam a2200205 i 4500
001 - NÚMERO DE CONTROL
campo de control 47153
003 - IDENTIFICADOR DE NÚMERO DE CONTROL
campo de control ES-MaACL
005 - FECHA Y HORA DE LA ÚLTIMA TRANSACCIÓN
campo de control 20230906161519.0
007 - CAMPO FIJO DE DESCRIPCIÓN FÍSICA--INFORMACIÓN GENERAL
campo de control de longitud fija t|
008 - DATOS DE LONGITUD FIJA--INFORMACIÓN GENERAL
campo de control de longitud fija 030404s1964 sp ||||1| spa d
245 00 - MENCIÓN DEL TÍTULO
Título Construcción de maquinaria y productos químicos, abonos y papel.
260 ## - PUBLICACIÓN, DISTRIBUCIÓN, ETC.
Lugar de publicación, distribución, etc. Madrid :
Nombre del editor, distribuidor, etc. Comisaría del Plan de Desarrollo Económico y Social,
Fecha de publicación, distribución, etc. [1964]
300 ## - DESCRIPCIÓN FÍSICA
Extensión 244 p. :
Otras características físicas 3 gráf. ;
Dimensiones 30 cm.
490 1# - MENCIÓN DE SERIE
Mención de serie Anexo al Plan de Desarrollo Económico y Social, 1964-1967
650 #4 - PUNTO DE ACCESO ADICIONAL DE MATERIA--TÉRMINO DE MATERIA
Término de materia o nombre geográfico como elemento de entrada Máquinas.
9 (RLIN) 161230
710 00 - ENTRADA AGREGADA--NOMBRE DE ENTIDAD CORPORATIVA
Nombre de entidad corporativa o nombre de jurisdicción como elemento de entrada España.
Unidad subordinada Comisaría del Plan de Desarrollo Económico y Social.
9 (RLIN) 3631
830 0# - PUNTO DE ACCESO ADICIONAL DE SERIE-TÍTULO UNIFORME
Título uniforme Anexo al Plan de Desarrollo Económico y Social, 1964-1967
9 (RLIN) 230014
852 ## - LOCALIZACIÓN
Ubicación ES-MaACL
Número de control de estantería C-41448
Sublocalización o colección R.72896
Holdings
Estatus retirado Estado de pérdida Estado de daño No para préstamo Biblioteca de origen Biblioteca actual Ubicación en estantería Fecha de adquisición Fuente de adquisición Total de préstamos Signatura topográfica completa Código de barras Visto por última vez Precio de reemplazo Tipo de ítem Koha
        Biblioteca del Ateneo de Madrid Biblioteca del Ateneo de Madrid Depósito 2 17/01/2008     C-41448 1049597 23/02/2023 23/02/2023 Libro impreso